00648nam a2200253Ia 4500008004000000020001800040041000800058082001600066100002500082245007900107260003000186300001100216650001900227650001400246650001100260650001000271650001200281650001700293650001900310650001800329650001500347650000800362700002400370210210b2009 xxu||||| |||| 00| 0 eng d a9780415965576 aeng a370.11 ANDS aANDRZEJEWSKI (Julie) aSocial justice peace and environmental education: transformative standards aNew YorkbRoutledgec2009 axi,332 atransformative astandards aSocial apeace ajustice aHuman rights aGlobal justice aenvironmental aeducation: aand aBALTODANO (Marta P)